000 00958nam a22002175i 4500
001 162072
003 ES-MaACL
005 20230906212424.0
008 010915d1861 sp |||| | spa d
040 _aCYL
_bspa
_cCYL
100 1 _aPicón, José.
_991876
245 1 3 _aUn concierto casero
_b: sainete lírico en verso /
_coriginal de José Picon ; musica del maestro Cristobal Oudrid.
260 _aMadrid :
_b[s.n.],
_c1861 (
_fImprenta de Cristobal Gonzalez)
300 _a46 p. ;
_c18 cm.
500 _aEstrenado en el Teatro de la Zarzuela en Diciembre de 1861.
596 1 _aEn verso de port. consta: "... del Centro General de Administración ..."
700 0 1 _aOudrid, Cristóbal.
_987969
700 1 1 _aGonzález, Cristobal, imp.
_9127458
752 _aEspaña -
_dMadrid
852 _aES-MaACL
_jF-8632
_z-- Enc. pasta española
_q-- Falto de la cub. original
_z-- Enc. en un vol. facticio, formando parte de la col. "Teatro español moderno"
999 _c162072
_d162072